[Event "Mittelfranken-chTB1 1011"]
[Site "Germany"]
[Date "2011.04.03"]
[Round "8.6"]
[White "Wiedemann, Jan"]
[Black "Margraf, Matthias"]
[Result "0-1"]
[WhiteElo "1612"]
[BlackElo "1994"]
[PlyCount "110"]
[EventDate "2010.09.26"]
[EventType "team-tourn"]
[EventRounds "9"]
[EventCountry "GER"]
[SourceTitle "EXT 2012"]
[Source "ChessBase"]
[SourceDate "2011.11.24"]
[SourceVersion "1"]
[SourceVersionDate "2011.11.24"]
[SourceQuality "1"]
[WhiteTeam "Heilsbronn"]
[BlackTeam "Buechenbach/Roth"]
[WhiteTeamCountry "GER"]
[BlackTeamCountry "GER"]

1. d4 Nf6 2. Nf3 e6 3. Bg5 Be7 4. e3 d5 5. Bd3 0-0 6. 0-0 h6 7. Bh4 Ne4 8. Bxe7 Qxe7 9. Nbd2 Nxd2 10. Qxd2 Nd7 11. c4 dxc4 12. Bxc4 e5 13. dxe5 Nxe5 14. Nxe5 Qxe5 15. Rfd1 Bg4 16. Be2 Bxe2 17. Qxe2 Rfd8 18. Qc2 Qa5 19. a3 c5 20. Rac1 Qc7 21. Qc4 Qc6 22. h3 b5 23. Qc3 Qc7 24. Qb3 a6 25. Rd5 c4 26. Qd1 Rxd5 27. Qxd5 Rd8 28. Qf3 Qe5 29. Qe2 Rd3 30. a4 Qd6 31. axb5 axb5 32. Qf3 Rd2 33. Qa8+ Kh7 34. Qe4+ g6 35. Rb1 Qf6 36. f4 Rxb2 37. Rxb2 Qxb2 38. f5 Qf6 39. fxg6+ Qxg6 40. Qd5 Qe6 41. Qxb5 Qxe3+ 42. Kf1 Qf4+ 43. Ke2 Qe4+ 44. Kd1 c3 45. Qb3 Qd3+ 46. Kc1 Qf1+ 47. Qd1 Qxd1+ 48. Kxd1 Kg6 49. Kc2 Kf5 50. Kxc3 Kf4 51. Kd4 Kg3 52. Ke5 Kxg2 53. Kf6 Kxh3 54. Kxf7 Kg4 55. Kg6 h5 0-1

[Event "Mittelfranken-chTB1 1011"]
[Site "Germany"]
[Date "2011.03.13"]
[Round "7.6"]
[White "Margraf, Matthias"]
[Black "Ulusoy, Tolga"]
[Result "0-1"]
[WhiteElo "1994"]
[BlackElo "1959"]
[PlyCount "86"]
[EventDate "2010.09.26"]
[EventType "team-tourn"]
[EventRounds "9"]
[EventCountry "GER"]
[SourceTitle "EXT 2012"]
[Source "ChessBase"]
[SourceDate "2011.11.24"]
[SourceVersion "1"]
[SourceVersionDate "2011.11.24"]
[SourceQuality "1"]
[WhiteTeam "Buechenbach/Roth"]
[BlackTeam "Nuernberg NT III"]
[WhiteTeamCountry "GER"]
[BlackTeamCountry "GER"]

1. e4 c5 2. c3 d5 3. exd5 Qxd5 4. d4 Nf6 5. Nf3 Bg4 6. Be2 e6 7. 0-0 Nc6 8. Be3 cxd4 9. cxd4 Be7 10. Nbd2 0-0 11. a3 Rac8 12. Rc1 Rfd8 13. Nc4 h6 14. Nfe5 Nxe5 15. dxe5 Qxd1 16. Bxd1 Bxd1 17. exf6 Bxf6 18. Rcxd1 Rxd1 19. Rxd1 Rxc4 20. Rd7 Bxb2 21. Rxb7 Bd4 22. Rb3 Bxe3 23. fxe3 g5 24. Kf2 Kg7 25. h3 Kg6 26. Kf3 f5 27. Rd3 Ra4 28. Rc3 h5 29. Rb3 Kf6 30. Rc3 g4+ 31. hxg4 hxg4+ 32. Ke2 Ke5 33. Kd3 Ra5 34. Rb3 Rd5+ 35. Ke2 Kd6 36. Rc3 Rc5 37. Rb3 Rc2+ 38. Kf1 Kc6 39. Rb4 Ra2 40. a4 a5 41. Rf4 Kd5 42. Rd4+ Kc5 43. Rf4 Rb2 0-1

[Event "Mittelfranken-ch HT 58th"]
[Site "Postbauer"]
[Date "2009.04.10"]
[Round "8.8"]
[White "Margraf, Matthias"]
[Black "Roeder, Frank"]
[Result "0-1"]
[WhiteElo "1993"]
[BlackElo "2139"]
[PlyCount "70"]
[EventDate "2009.04.07"]
[EventType "swiss"]
[EventRounds "9"]
[EventCountry "GER"]
[SourceTitle "EXT 2011"]
[Source "ChessBase"]
[SourceDate "2010.11.26"]
[SourceVersion "1"]
[SourceVersionDate "2010.11.26"]
[SourceQuality "1"]

1. e4 c6 2. Nc3 d5 3. Nf3 Bg4 4. h3 Bxf3 5. Qxf3 e6 6. exd5 cxd5 7. Bb5+ Nc6 8. 0-0 Bd6 9. d3 Nge7 10. Bg5 0-0 11. Bxc6 bxc6 12. Bxe7 Qxe7 13. Qg4 Rab8 14. b3 Rb4 15. Qe2 Qg5 16. Rae1 Rh4 17. Qe3 Bf4 18. Qf3 Bd2 19. Na4 Bxe1 20. Rxe1 Qd2 21. Re2 Qc1+ 22. Kh2 Qf4+ 23. Qxf4 Rxf4 24. c3 Re8 25. g3 Rf3 26. Nc5 e5 27. Kg2 e4 28. dxe4 Rxc3 29. b4 Rc4 30. a3 dxe4 31. Nb7 Re5 32. Nd6 Rd4 33. Nc8 Rd7 34. Rc2 Re6 35. b5 Rc7 0-1

[Event "Mittelfranken-ch HT 58th"]
[Site "Postbauer"]
[Date "2009.04.08"]
[Round "4.8"]
[White "Margraf, Matthias"]
[Black "Fischer, Gerd"]
[Result "1/2-1/2"]
[WhiteElo "1993"]
[BlackElo "2037"]
[PlyCount "95"]
[EventDate "2009.04.07"]
[EventType "swiss"]
[EventRounds "9"]
[EventCountry "GER"]
[SourceTitle "EXT 2011"]
[Source "ChessBase"]
[SourceDate "2010.11.26"]
[SourceVersion "1"]
[SourceVersionDate "2010.11.26"]
[SourceQuality "1"]

1. e4 c5 2. c3 d5 3. exd5 Qxd5 4. d4 cxd4 5. cxd4 Nc6 6. Nf3 e5 7. Nc3 Bb4 8. Bd2 Bxc3 9. Bxc3 e4 10. Ne5 Nxe5 11. dxe5 Ne7 12. Qxd5 Nxd5 13. Bb5+ Ke7 14. Bd4 Bd7 15. Bxd7 Kxd7 16. 0-0-0 Ke6 17. Rhe1 Rhd8 18. a3 Rd7 19. Rxe4 Rc8+ 20. Kb1 Rc4 21. Rde1 b6 22. f3 Rdc7 23. R1e2 a5 24. Bf2 Rc1+ 25. Ka2 b5 26. Rd2 a4 27. Red4 R7c5 28. f4 Rf1 29. f5+ Kxf5 30. Rxd5 Rcc1 31. b3 Ra1+ 32. Kb2 Rfb1+ 33. Kc2 Rc1+ 34. Kd3 axb3 35. Rxb5 Rxa3 36. Rb2 Rc2 37. Rxc2 bxc2+ 38. Kxc2 Ra2+ 39. Rb2 Ra4 40. Bg3 h5 41. h3 g5 42. Kb3 Re4 43. Rf2+ Kg6 44. Kc3 Re3+ 45. Kd4 Rxg3 46. Ke4 h4 47. Rf6+ Kg7 48. Rf2 1/2-1/2

[Event "Mittelfranken-chTB1 0809"]
[Site "Mittelfranken"]
[Date "2009.01.25"]
[Round "5.5"]
[White "Margraf, Matthias"]
[Black "Schloetterer, Hermann"]
[Result "1-0"]
[WhiteElo "1958"]
[BlackElo "1859"]
[PlyCount "89"]
[EventDate "2008.10.12"]
[EventType "team"]
[EventRounds "9"]
[EventCountry "GER"]
[SourceTitle "EXT 2011"]
[Source "ChessBase"]
[SourceDate "2010.11.26"]
[SourceVersion "1"]
[SourceVersionDate "2010.11.26"]
[SourceQuality "1"]
[WhiteTeam "Buechenbach/Roth"]
[BlackTeam "Nuernberg NT IV"]
[WhiteTeamCountry "GER"]
[BlackTeamCountry "GER"]

1. e4 c5 2. c3 e6 3. d4 d5 4. exd5 exd5 5. Nf3 Nf6 6. Be3 Qc7 7. dxc5 Bxc5 8. Bxc5 Qxc5 9. Qd4 Qxd4 10. Nxd4 0-0 11. f3 Nc6 12. Nxc6 bxc6 13. Nd2 a5 14. 0-0-0 Bf5 15. Nb3 Rfb8 16. Nd4 Bd7 17. Bd3 g6 18. Rhe1 a4 19. a3 Ra7 20. Rd2 Rab7 21. Ne2 Re8 22. Red1 Bc8 23. Bc2 Ra7 24. Nf4 Nd7 25. Rd4 Nb6 26. Rb4 Ra6 27. Bd3 c5 28. Bxa6 cxb4 29. Bxc8 bxa3 30. Ba6 axb2+ 31. Kxb2 a3+ 32. Ka2 Ra8 33. Bb7 Ra7 34. Bxd5 Na4 35. Rd3 Kg7 36. Ne2 Re7 37. Nd4 Nc5 38. Rd2 Rd7 39. c4 Ra7 40. Nb5 Re7 41. Kxa3 Re3+ 42. Kb4 Nd3+ 43. Ka5 Nc5 44. Kb6 Na4+ 45. Kc6 1-0

[Event "Mittelfrankenliga-B2b 0708"]
[Site "Mittelfranken"]
[Date "2008.01.27"]
[Round "5.4"]
[White "Margraf, Matthias"]
[Black "Kaiser, Hans1"]
[Result "0-1"]
[WhiteElo "1892"]
[BlackElo "1796"]
[PlyCount "66"]
[EventDate "2007.10.14"]
[EventType "team-tourn"]
[EventRounds "9"]
[EventCountry "GER"]
[SourceTitle "EXT 2011"]
[Source "ChessBase"]
[SourceDate "2010.11.26"]
[SourceVersion "1"]
[SourceVersionDate "2010.11.26"]
[SourceQuality "1"]
[WhiteTeam "Buechenbach/Roth II"]
[BlackTeam "Bad Windsheim"]
[WhiteTeamCountry "GER"]
[BlackTeamCountry "GER"]

1. e4 e5 2. Nf3 Nc6 3. Bb5 a6 4. Bxc6 dxc6 5. 0-0 f6 6. d4 Bg4 7. c3 Qd7 8. dxe5 Qxd1 9. Rxd1 fxe5 10. Bg5 Be7 11. Bxe7 Bxf3 12. gxf3 Nxe7 13. Nd2 0-0-0 14. Nc4 Ng6 15. Kf1 Rhf8 16. Rxd8+ Rxd8 17. Ke1 b6 18. Rd1 Rxd1+ 19. Kxd1 Kd7 20. Ke2 Ke6 21. b3 Nf4+ 22. Kd2 Nh3 23. Ke3 Nf4 24. Nb2 g5 25. Nd3 c5 26. Nxf4+ gxf4+ 27. Ke2 c4 28. bxc4 Kd6 29. Kd2 Kc5 30. Kd3 h6 31. h3 h5 32. h4 a5 33. a3 a4 0-1

[Event "Mittelfranken-ch QT 55th"]
[Site "Postbauer"]
[Date "2006.04.14"]
[Round "5"]
[White "Margraf, Matthias"]
[Black "Dreiseitel, Ursula"]
[Result "1-0"]
[WhiteElo "1513"]
[BlackElo "1259"]
[PlyCount "57"]
[EventDate "2006.04.12"]
[EventType "swiss"]
[EventRounds "7"]
[EventCountry "GER"]
[SourceTitle "EXT 2015"]
[Source "ChessBase"]
[SourceDate "2014.11.20"]
[SourceVersion "1"]
[SourceVersionDate "2014.11.20"]
[SourceQuality "1"]

1. e4 d6 2. d4 Nf6 3. Nc3 g6 4. Bf4 Bg7 5. Nf3 0-0 6. Bd3 Nc6 7. Qd2 Ng4 8. h3 e5 9. dxe5 Ngxe5 10. 0-0-0 Nxd3+ 11. cxd3 Re8 12. Bh6 Bh8 13. g4 b6 14. Rdg1 Nb4 15. d4 c5 16. a3 Nc6 17. d5 Na5 18. Kc2 Nc4 19. Qf4 Bd7 20. h4 b5 21. h5 b4 22. hxg6 fxg6 23. Bg5 Qa5 24. Rxh7 Rf8 25. Rxh8+ Kxh8 26. Bf6+ Kg8 27. Rh1 Ba4+ 28. Kc1 Rxf6 29. Qxf6 1-0

[Event "Mittelfranken-ch QT 55th"]
[Site "Postbauer"]
[Date "2006.04.14"]
[Round "6"]
[White "Rosmann, Armin"]
[Black "Margraf, Matthias"]
[Result "1/2-1/2"]
[WhiteElo "1548"]
[BlackElo "1513"]
[PlyCount "34"]
[EventDate "2006.04.12"]
[EventType "swiss"]
[EventRounds "7"]
[EventCountry "GER"]
[SourceTitle "EXT 2015"]
[Source "ChessBase"]
[SourceDate "2014.11.20"]
[SourceVersion "1"]
[SourceVersionDate "2014.11.20"]
[SourceQuality "1"]

1. c4 e5 2. g3 f5 3. e3 Nf6 4. Bg2 Bc5 5. d4 Bb4+ 6. Nc3 Bxc3+ 7. bxc3 e4 8. d5 d6 9. h4 Nbd7 10. f4 Nc5 11. Bf1 Bd7 12. a4 Ng4 13. Nh3 0-0 14. Nf2 h5 15. Be2 Qe8 16. a5 Ba4 17. Rxa4 Qxa4 1/2-1/2

[Event "Mittelfranken-ch QT 55th"]
[Site "Postbauer"]
[Date "2006.04.12"]
[Round "2"]
[White "Wirth, Karl Heinz"]
[Black "Margraf, Matthias"]
[Result "1-0"]
[WhiteElo "1770"]
[BlackElo "1513"]
[PlyCount "51"]
[EventDate "2006.04.12"]
[EventType "swiss"]
[EventRounds "7"]
[EventCountry "GER"]
[SourceTitle "EXT 2015"]
[Source "ChessBase"]
[SourceDate "2014.11.20"]
[SourceVersion "1"]
[SourceVersionDate "2014.11.20"]
[SourceQuality "1"]

1. e4 e6 2. d4 d5 3. Nd2 Nf6 4. e5 Nfd7 5. Bd3 c5 6. c3 Nc6 7. Ne2 Be7 8. 0-0 f6 9. Nf4 Nb6 10. Qh5+ Kd7 11. Nxe6 g6 12. Qh3 Qg8 13. Nxc5+ Kc7 14. Qg3 fxe5 15. Ndb3 Bd6 16. Bb5 Qg7 17. Bxc6 bxc6 18. Nd3 Nc4 19. dxe5 Nxe5 20. Bf4 Nc4 21. Nd4 h5 22. b3 Bxf4 23. Nxf4 h4 24. Qg5 Qe5 25. bxc4 Bf5 26. Nxg6 1-0